Sports Quiz

Random Sports or College Quiz

Teams of Larry Brown Quiz Stats

 Plays Quiz Updated Apr 12, 2019

Score 0/14 Timer 03:00
1 Play Today
Years Team % Correct
2003-2005Detroit Pistons
84%
2005-2006New York Knicks
84%
1997-2003Philadelphia 76ers
79.4%
2008-2010Charlotte Bobcats
78.1%
1983-1988University of Kansas
60.2%
2012-2016Southern Methodist Mustangs
58.5%
1993-1997Indiana Pacers
54.3%
Years Team % Correct
1992-1993Los Angeles Clippers
50.1%
1988-1992San Antonio Spurs
44.8%
1981-1983New Jersey Nets
41%
1974-1979Denver Nuggets
31.5%
1979-1981UCLA Bruins
31.2%
1972-1974Carolina Cougars
9.1%
1969Davidson College
5.5%

You're not logged in!

Compare scores with friends on all Sporcle quizzes.
OR
Log In

Sporcle TV

Today on Sporcle TV


Watch our educational content, quiz creation guides, and fun videos on Sporcle TV.

Show Comments

Extras

Top Quizzes Today


Score Distribution

Your Account Isn't Verified!

In order to create a playlist on Sporcle, you need to verify the email address you used during registration. Go to your Sporcle Settings to finish the process.

Report this User

Report this user for behavior that violates our Community Guidelines.

Details: